Disolucion de matrimonios no sacramentales por la potestad ministerial del romano pontifice. (Record no. 12472)
[ view plain ]
| 000 -CABECERA | |
|---|---|
| campo de control de longitud fija | 00545cam a22001571 4500 |
| 001 - NÚMERO DE CONTROL | |
| campo de control | 000012822 |
| 005 - FECHA Y HORA DE LA ÚLTIMA TRANSACCIÓN | |
| campo de control | 20200929163100.0 |
| 008 - DATOS DE LONGITUD FIJA--INFORMACIÓN GENERAL | |
| campo de control de longitud fija | 850515s1963 ck 000 0 spa |
| 040 ## - FUENTE DE LA CATALOGACIÓN | |
| Centro catalogador/agencia de origen | DO-SdBNP |
| Lengua de catalogación | spa |
| Centro/agencia transcriptor | BNPHU |
| 100 1# - ENTRADA PRINCIPAL--NOMBRE DE PERSONA | |
| Nombre de persona | Tobon Mejia, Aurelio. |
| 9 (RLIN) | 29654 |
| 245 10 - MENCIÓN DE TÍTULO | |
| Título | Disolucion de matrimonios no sacramentales por la potestad ministerial del romano pontifice. |
| 260 ## - PUBLICACIÓN, DISTRIBUCIÓN, ETC. | |
| Lugar de publicación, distribución, etc. | Bogota, : |
| Nombre del editor, distribuidor, etc. | Editorial Temis, |
| Fecha de publicación, distribución, etc. | 1963. |
| 300 ## - DESCRIPCIÓN FÍSICA | |
| Extensión | xiv, 186 p. ; |
| Dimensiones | 24 cm. |
| 650 #0 - PUNTO DE ACCESO ADICIONAL DE MATERIA--TÉRMINO DE MATERIA | |
| Término de materia o nombre geográfico como elemento de entrada | Divorce |
| Subdivisión general | Law and legislation |
| Subdivisión geográfica | Colombia. |
| 9 (RLIN) | 29655 |
| 650 #0 - PUNTO DE ACCESO ADICIONAL DE MATERIA--TÉRMINO DE MATERIA | |
| Término de materia o nombre geográfico como elemento de entrada | Divorce (canon law) |
| 9 (RLIN) | 29656 |
| Estado de retiro | Estado de pérdida | Restricciones de uso | No para préstamo | Código de colección | Localización permanente | Ubicación/localización actual | Ubicación en estantería | Fecha de adquisición | Número de inventario | Total de préstamos | Signatura topográfica completa | Código de barras | Fecha visto por última vez | Precio válido a partir de | Tipo de ítem Koha |
|---|---|---|---|---|---|---|---|---|---|---|---|---|---|---|---|
| Préstamo interno | Préstamo restrigido | Monografías: Libros y Folletos | General | General | En encuadernación | 17.11.2009 | LF1 | 12822-10 | 25.06.2020 | 25.06.2020 | Préstamo interno |
